Stati che confinano con l'Arabia Saudita - Statistics

Statistiche generali
  • Questo quiz è stato fatto 18 volte
  • Il punteggio medio è 6 su 7
Statistiche sulle risposte
Superficie (km²) Popolazione (ab.) Lunghezza confine (km) Stato % Corretto
83 600 9 701 315 457 Emirati Arabi Uniti
100%
17 818 4 420 110 221 Kuwait
93%
305 501 4 527 000 658 Oman
93%
11 571 2 350 000 60 Qatar
93%
527 970 29 825 968 1307 Yemen
93%
89 342 10 658 123 731 Giordania
87%
438 317 40 222 503 811 Iraq
80%
Nessun quiz corrispondente trovato
Distribuzione punteggi
Percentuale di utenti per punteggio
Percentile per numero di risposta
I tuoi punteggi nel tempo
Non hai fatto questo quiz